| 000 | 00772cam a2200157 4500500 | ||
|---|---|---|---|
| 005 | 20251228061943.0 | ||
| 041 | _afre | ||
| 042 | _adc | ||
| 100 | 1 | 0 |
_aTrinquecoste, Jean-François _eauthor |
| 245 | 0 | 0 | _aMarketing, stratégie et rhétorique |
| 260 | _c2005. | ||
| 500 | _a5 | ||
| 520 | _aSi les préceptes de stratégie-marketing soulignent l’importance de la cohérence entre discours et pratiques, le marketing n’hésite pas à les dissocier lorsqu’il dispose d’une faible marge de manœuvre pratique, quitte à se mettre en scène et à se brocarder lui-même. | ||
| 786 | 0 | _nDécisions Marketing | 37 | 1 | 2005-01-01 | p. 77-80 | 0779-7389 | |
| 856 | 4 | 1 | _uhttps://shs.cairn.info/revue-decisions-marketing-2005-1-page-77?lang=fr&redirect-ssocas=7080 |
| 999 |
_c1588071 _d1588071 |
||